Every Capped Springboks Player - Statistics

General Stats
  • This quiz has been taken 47 times
  • The average score is 331 of 945
Answer Stats
Hint Answer % Correct
851 Siya Kolisi
100%
208 Andries du Toit
94%
120 Arthur Williams
94%
533 Avril Williams
94%
253 Ben du Toit
94%
766 Bryan Habana
94%
589 Chester Williams
94%
231 Dai Williams
94%
889 Dan du Preez
94%
21 Dan Smith
94%
507 David Smith
94%
701 Delarey du Preez
94%
840 Duane Vermeulen
94%
833 Eben Etzebeth
94%
870 Faf de Klerk
94%
583 FC Smit
94%
279 Fonnie du Toit
94%
757 Fourie du Preez
94%
643 Franco Smith
94%
375 Frik du Preez
94%
667 Gaffie du Toit
94%
262 George Smith
94%
929 Grant Williams
94%
516 Hempies du Toit
94%
327 Jan du Preez
94%
881 Jean-Luc du Preez
94%
691 John Smit
94%
450 John Williams
94%
746 Juan Smith
94%
464 Kevin de Klerk
94%
895 Kwagga Smith
94%
897 Makazole Mapimpi
94%
389 Nelie Smith
94%
660 Philip Smit
94%
332 Piet du Toit
94%
854 Pieter-Steph du Toit
94%
562 | 904 Robert du Preez
94%
440 Sakkie de Klerk
94%
220 Schalk du Toit
94%
901 Thomas du Toit
94%
23 Toski Smith
94%
792 Wian du Preez
94%
684 Albert van den Berg
89%
636 André Snyman
89%
843 Arno Botha
89%
733 Bakkies Botha
89%
793 Barend Pieterse
89%
99 Bingo Burger
89%
778 BJ Botha
89%
95 Boy de Villiers
89%
715 Butch James
89%
522 Darius Botha
89%
382 Dawie de Villiers
89%
453 Dawie Snyman
89%
484 Derek van den Berg
89%
112 Dirkie de Villiers
89%
819 Elton Jantjies
89%
584 Francois Pienaar
89%
783 François Steyn
89%
770 Gary Botha
89%
506 Gysie Pienaar
89%
857 Handré Pollard
89%
374 Hannes Botha
89%
572 Hennie le Roux
89%
913 Herschel Jantjies
89%
418 HO de Villiers
89%
151 IB de Villiers
89%
466 Jackie Snyman
89%
94 Japie le Roux
89%
735 Jean de Villiers
89%
608 Johan le Roux
89%
90 John Botha
89%
775 JP Pietersen
89%
552 Kobus Burger
89%
856 Lood de Jager
89%
510 Martiens le Roux
89%
258 Mauritz van den Berg
89%
803 Morné Steyn
89%
941 Morné van den Berg
89%
502 Naas Botha
89%
600 Ollie le Roux
89%
195 Pierre de Villiers
89%
412 Piet Botha
89%
103 Pietie le Roux
89%
906 RG Snyman
89%
779 Ruan Pienaar
89%
535 | 754 Schalk Burger
89%
164 Theo Pienaar
89%
511 Thys Burger
89%
705 Victor Matfield
89%
848 Willie le Roux
89%
800 Adriaan Strauss
83%
827 Andries Strauss
83%
539 Attie Strauss
83%
787 Bismarck du Plessis
83%
523 Carel du Plessis
83%
911 Cheslin Kolbe
83%
496 Daan du Plessis
83%
275 Felix du Plessis
83%
872 Franco Mostert
83%
841 Frans Malherbe
83%
830 Gerhard Mostert
83%
788 Jannie du Plessis
83%
592 Joel Stransky
83%
490 Johan Strauss
83%
925 Kurt-Lee Arendse
83%
537 Michael du Plessis
83%
455 Morné du Plessis
83%
166 Nick du Plessis
83%
893 Ox Nché
83%
651 Percy Montgomery
83%
176 Phil Mostert
83%
458 Piet du Plessis
83%
158 Sarel Strauss
83%
579 Tiaan Strauss
83%
503 Tommy du Plessis
83%
850 Trevor Nyakane
83%
500 Willie du Plessis
83%
902 Akker van der Merwe
78%
221 Alvi van der Merwe
78%
743 Ashwin Willemse
78%
323 Bertus van der Merwe
78%
207 Boy Louw
78%
609 Cabous van der Westhuizen
78%
481 Carel Fourie
78%
855 Cornal Hendricks
78%
910 Damian Willemse
78%
928 Deon Fourie
78%
935 Edwill van der Merwe
78%
922 Elrigh Louw
78%
703 Eric van der Merwe
78%
222 Fanie Louw
78%
273 Fiks van der Merwe
78%
526 Flippie van der Merwe
78%
818 Flip van der Merwe
78%
815 Francois Louw
78%
846 Franco van der Merwe
78%
790 Heinke van der Merwe
78%
704 Hottie Louw
78%
874 Jaco Kriel
78%
653 Jannie de Beer
78%
11 Japie Louw
78%
752 Jaque Fourie
78%
203 JC van der Westhuizen
78%
867 Jesse Kriel
78%
217 Jimmy White
78%
433 Johann van der Merwe
78%
593 Joost van der Westhuizen
78%
339 Lofty Fourie
78%
147 Louis Louw
78%
876 Malcolm Marx
78%
858 Marcel van der Merwe
78%
454 Martiens Louw
78%
657 McNeil Hendricks
78%
619 Os du Randt
78%
559 Pieter Hendriks
78%
476 Polla Fourie
78%
213 Ponie van der Westhuizen
78%
505 Rob Louw
78%
937 Sacha Feinberg-Mngomezulu
78%
281 Salty du Rand
78%
873 Steven Kitshoff
78%
365 Stompie van der Merwe
78%
888 Wilco Louw
78%
695 AJ Venter
72%
942 Andre-Hugo Venter
72%
557 André Joubert
72%
483 André van Staden
72%
634 André Venter
72%
405 Boet Mulder
72%
875 Bongi Mbonambi
72%
605 Brendan Venter
72%
862 Damian de Allende
72%
214 Floors Venter
72%
877 Francois Venter
72%
428 Gert Muller
72%
551 Helgard Müller
72%
277 Hennie Muller
72%
920 Jaden Hendrikse
72%
617 Japie Mulder
72%
918 Jasper Wiese
72%
329 Jeremy Nel
72%
773 Johann Muller
72%
934 Jordan Hendrikse
72%
748 Jorrie Muller
72%
585 Kobus Wiese
72%
362 Lofty Nel
72%
563 Lood Muller
72%
672 Lourens Venter
72%
892 Lukhanyo Am
72%
931 Manie Libbok
72%
909 Marco van Staden
72%
711 Marius Joubert
72%
199 Phil Nel
72%
560 Pieter Muller
72%
72 PO Nel
72%
769 Ricky Januarie
72%
943 Ruan Venter
72%
110 Stevie Joubert
72%
797 Tendai Mtawarira
72%
774 Akona Ndungane
67%
884 Andries Coetzee
67%
152 Attie van Heerden
67%
595 Balie Swart
67%
664 Boeta Wessels
67%
463 Boland Coetzee
67%
578 Botha Rossouw
67%
647 Breyton Paulse
67%
274 Bubbles Koch
67%
280 Chris Koch
67%
624 | 699 Chris Rossouw
67%
309 Daantjie Rossouw
67%
730 Danie Coetzee
67%
755 Danie Rossouw
67%
924 Evan Roos
67%
606 Fritz van Heerden
67%
546 Gert Smal
67%
126 Gideon Roos
67%
586 Hannes Strydom
67%
801 Heinrich Brüssow
67%
561 James Small
67%
938 Jan-Hendrik Wessels
67%
402 John Wessels
67%
630 Justin Swart
67%
831 Marcell Coetzee
67%
474 Moaner van Heerden
67%
601 Naka Drotské
67%
798 Odwa Ndungane
67%
276 Ou-Boet Strydom
67%
88 Paul Roos
67%
652 Pieter Rossouw
67%
296 Piet Wessels
67%
325 Popeye Strydom
67%
35 Scraps Wessels
67%
312 Sias Swart
67%
868 Vincent Koch
67%
744 Wikus van Heerden
67%
804 Zane Kirchner
67%
681 André Vos
61%
304 Basie van Wyk
61%
741 CJ van der Linde
61%
716 Conrad Jantjes
61%
676 Corné Krige
61%
887 Curwin Bosch
61%
400 Dirk de Vos
61%
518 Eben Jansen
61%
603 Gary Teichmann
61%
467 Gerald Bosch
61%
933 Gerhard Steenekamp
61%
764 Gurthrö Steenkamp
61%
696 Jaco van der Westhuyzen
61%
64 Japie Krige
61%
894 Jason Jenkins
61%
847 JC Janse van Rensburg
61%
444 Joggie Jansen
61%
446 Johan Spies
61%
342 Johan Steenekamp
61%
832 Juandré Kruger
61%
914 Lizo Gqoboka
61%
436 Martin Janse van Rensburg
61%
771 Meyer Bosman
61%
185 Nico Bosman
61%
921 Nico Janse van Rensburg
61%
820 Pat Lambie
61%
430 Paul Durand
61%
777 Pierre Spies
61%
550 Piet Kruger
61%
445 Piston van Wyk
61%
479 Rampie Stander
61%
880 Rohan Janse van Rensburg
61%
596 Ruben Kruger
61%
791 Ryan Kankowski
61%
196 SP van Wyk
61%
558 Theo Jansen van Rensburg
61%
169 Theuns Kruger
61%
629 Toks van der Linde
61%
136 Wakkie Krige
61%
828 Werner Kruger
61%
721 Adrian Jacobs
56%
907 Aphiwe Dyantyi
56%
16 Arthur de Kock
56%
368 Bennie van Niekerk
56%
727 Brent Russell
56%
264 Buks Marais
56%
930 Canan Moodie
56%
74 Charlie Brown
56%
685 Charl Marais
56%
776 Chiliboy Ralepelle
56%
864 Cobus Reinach
56%
219 Danie Craven
56%
514 Danie Gerber
56%
722 Deon de Kock
56%
759 Eddie Andrews
56%
144 Fanie Cronjé
56%
628 Garry Pagel
56%
747 Gcobani Bobo
56%
750 Geo Cronjé
56%
390 Hannes Marais
56%
709 Hendrik Gerber
56%
542 Jaco Reinach
56%
758 Jacques Cronjé
56%
210 Jock van Niekerk
56%
719 Joe van Niekerk
56%
529 Johan Marais
56%
47 John 'Ben' Andrew
56%
767 Jongi Nokwe
56%
271 Jorrie Jordaan
56%
919 Joseph Dweba
56%
784 Kabamba Floors
56%
574 Keith Andrews
56%
406 Kerneels Cronjé
56%
363 Lionel Wilson
56%
786 Luke Watson
56%
602 Mark Andrews
56%
337 Mickey Gerber
56%
310 Natie Rens
56%
717 Neil de Kock
56%
742 Norman Jordaan
56%
447 Peter Cronjé
56%
845 Raymond Rhule
56%
882 Ross Cronjé
56%
616 Rudolf Straeuli
56%
923 Salmaan Moerat
56%
160 Sas de Kock
56%
900 Sikhumbuzo Notshe
56%
863 Warren Whiteley
56%
423 Albie de Waal
50%
898 André Esterhuizen
50%
658 Andrew Aitken
50%
543 Christo Ferreira
50%
324 Dawie Ackermann
50%
690 De Wet Barry
50%
98 Dietlof Maré
50%
802 Earl Rose
50%
515 Errol Tobias
50%
692 Grant Esterhuizen
50%
573 Harry Roberts
50%
480 Ian Robertson
50%
932 Jean Kleyn
50%
63 Joe Barry
50%
632 Johan Ackermann
50%
607 Johan Roux
50%
540 Kulu Ferreira
50%
821 Lwazi Mvovo
50%
367 Mannetjies Roux
50%
903 Marvin Orie
50%
679 Owen Nkumane
50%
60 Paul de Waal
50%
739 Pedrie Wannenburg
50%
706 Quinton Davids
50%
927 Ruan Nortjé
50%
768 Tonderai Chavhanga
50%
426 Tonie Roux
50%
737 Wessel Roux
50%
223 André McDonald
44%
723 André Pretorius
44%
409 Andy MacDonald
44%
916 Aphelele Fassi
44%
810 Ashley Johnson
44%
780 Bevin Fortuin
44%
377 Bobby Johns
44%
659 Bobby Skinstad
44%
62 Charlie Jones
44%
826 Charl McLeod
44%
470 Dugald MacDonald
44%
905 Embrose Papier
44%
549 Frans Erasmus
44%
604 Gavin Johnson
44%
420 Gert Kotzé
44%
451 Hannes Viljoen
44%
781 Hilton Lobberts
44%
565 Ian MacDonald
44%
782 Jaco Pretorius
44%
448 | 644 Joggie Viljoen
44%
823 Keegan Daniel
44%
346 Louis Schmidt
44%
198 Nick Pretorius
44%
30 Percy Twentyman-Jones
44%
940 Phepsi Buthelezi
44%
577 Piet Pretorius
44%
649 Rassie Erasmus
44%
501 Ray Mordt
44%
808 Riaan Viljoen
44%
799 Schalk Brits
44%
251 Tony Harris
44%
544 Uli Schmidt
44%
432 Andy van der Watt
39%
159 Charlie Meyer
39%
824 Coenie Oosthuizen
39%
700 Craig Davidson
39%
417 Eben Olivier
39%
174 Fien Olivier
39%
635 Henry Tromp
39%
569 Hugh Reece-Edwards
39%
570 Jacques Olivier
39%
814 Jean Deysel
39%
939 Johan Grobbelaar
39%
460 Johan Oosthuizen
39%
520 Ockie Oosthuizen
39%
499 Pierre Edwards
39%
38 PJ Meyer
39%
869 Rudy Paige
39%
908 S'busiso Nkosi
39%
670 Selborne Boome
39%
646 Theo Oosthuizen
39%
142 Tommy Thompson
39%
654 Werner Swanepoel
39%
663 Willie Meyer
39%
772 Wynand Olivier
39%
6 Alf Richards
33%
429 André de Wet
33%
795 Andries Bekker
33%
77 Bertie Gibbs
33%
31 Biddy Anderson
33%
671 Braam van Straaten
33%
113 Cocky Hahn
33%
524 Colin Beck
33%
379 Colin Greenwood
33%
642 Dick Muir
33%
885 Dillyn Leyds
33%
308 Dolf Bekker
33%
816 Gio Aplon
33%
391 Haas Schoeman
33%
527 Hennie Bekker
33%
590 Henry Honiball
33%
260 Howard Watt
33%
298 Jaap Bekker
33%
89 Joe Anderson
33%
478 Kleintjie Grobler
33%
718 Lukas van Biljon
33%
353 Martiens Bekker
33%
541 Nick Mallett
33%
789 Peter Grant
33%
261 Piet de Wet
33%
431 Renier Grobler
33%
639 Schutte Bekker
33%
763 Solly Tyibilika
33%
899 Travis Ismaiel
33%
817 Bjorn Basson
28%
656 Braam Els
28%
683 Cobus Visagie
28%
726 Daan Human
28%
631 Danie van Schalkwyk
28%
812 Dewald Potgieter
28%
508 Divan Serfontein
28%
530 Gawie Visagie
28%
215 Geoff Gray
28%
200 Hennie Potgieter
28%
493 Hermanus Potgieter
28%
272 Hoppie van Jaarsveld
28%
834 Jacques Potgieter
28%
347 Jannie Engelbrecht
28%
849 Jan Serfontein
28%
836 JJ Engelbrecht
28%
839 Johan Goosen
28%
806 Juan de Jongh
28%
853 Lourens Adriaanse
28%
205 Manus de Jongh
28%
865 Nizaam Carr
28%
187 Pally Truter
28%
413 Piet Goosen
28%
419 Piet Visagie
28%
944 Quan Horn
28%
745 Richard Bands
28%
435 Ronnie Potgieter
28%
536 Rudi Visagie
28%
167 Tank van Rooyen
28%
385 Trix Truter
28%
785 Waylon Murray
28%
822 Willem Alberts
28%
661 Wium Basson
28%
66 Andrew Morkel
22%
127 Antonie Lombard
22%
269 Ballie Wahl
22%
936 Ben-Jason Dixon
22%
378 Ben-Piet van Zyl
22%
724 Bolla Conradie
22%
128 Boy Morkel
22%
945 Cameron Hanekom
22%
678 Christian Stewart
22%
883 Courtnall Skosan
22%
665 Dan van Zyl
22%
350 Dave Stewart
22%
714 Dean Hall
22%
354 Des van Jaarsveldt
22%
106 Dougie Morkel
22%
12 Edward Little
22%
404 Faan Conradie
22%
282 Flip Geel
22%
736 Friedrich Lombard
22%
235 George D'Alton
22%
130 Gerhard Morkel
22%
760 Gerrie Britz
22%
384 Gert Cilliers
22%
173 Harry Morkel
22%
357 Hennie van Zyl
22%
155 Henry Morkel
22%
340 Hugo van Zyl
22%
896 Ivan van Zyl
22%
137 Jacky Morkel
22%
879 Jamba Ulengo
22%
614 James Dalton
22%
838 Jano Vermaak
22%
648 Jeremy Thomson
22%
319 Johan Claassen
22%
256 Kalfie Martin
22%
861 Marnitz Boshoff
22%
333 Melt Hanekom
22%
555 Niel Hugo
22%
835 Pat Cilliers
22%
191 Paul la Grange
22%
713 Pieter Dixon
22%
211 Pieter Morkel
22%
437 Piet van Deventer
22%
373 | 852 Piet van Zyl
22%
917 Rosko Specman
22%
171 Royal Morkel
22%
871 Ruan Combrinck
22%
410 Sakkie van Zyl
22%
915 Scarra Ntubeni
22%
105 Sommie Morkel
22%
668 Stefan Terblanche
22%
637 Vlok Cilliers
22%
725 Warren Britz
22%
890 Warrick Gelant
22%
519 Wynand Claassen
22%
345 Abie Malan
17%
556 Adolf Malan
17%
580 Adriaan Richter
17%
317 Amos du Plooy
17%
688 Anton Leonard
17%
361 Avril Malan
17%
837 Craig Burden
17%
56 Danie Theunissen
17%
294 Dennis Fry
17%
517 Div Visser
17%
621 Elandré van der Bergh
17%
512 Ewoud Malan
17%
228 Ferdie Bergh
17%
306 Ian Kirkpatrick
17%
80 Jack Jackson
17%
415 Jan Ellis
17%
694 Jannes Labuschagne
17%
687 Kaya Malotana
17%
702 Lawrence Sephaka
17%
97 Mary Jackson
17%
165 Mervyn Ellis
17%
625 Mornay Visser
17%
380 Ormond Taylor
17%
61 Patats Cloete
17%
237 Paul Visser
17%
284 Piet Malan
17%
912 Rynhardt Elstadt
17%
394 Tiny Naudé
17%
141 Tom van Vuuren
17%
712 Adri Badenhorst
11%
495 Barry Wolmarans
11%
52 Bertie Powell
11%
192 Boet Prinsloo
11%
610 Chris Badenhorst
11%
534 Chris Rogers
11%
618 Christiaan Scholtz
11%
289 Chum Ochse
11%
320 Daan Retief
11%
250 Daantjie van de Vyver
11%
633 Dawie Theron
11%
734 Deon Carstens
11%
753 Derick Hougaard
11%
492 Dirk Froneman
11%
568 Drikus Hattingh
11%
487 Edrich Krantz
11%
612 FA Meiring
11%
807 Francois Hougaard
11%
234 Fronie Froneman
11%
259 George van Reenen
11%
465 Gerrie Germishuys
11%
749 Gus Theron
11%
599 Guy Kebble
11%
25 Hasie Versfeld
11%
805 Heini Adams
11%
554 Heinrich Rodgers
11%
732 Hendro Scholtz
11%
623 Ian Hattingh
11%
17 Jackie Powell
11%
188 Jack Slater
11%
842 Jaco Taute
11%
611 Jannie Claassens
11%
338 Jan Prinsloo
11%
475 Johan de Bruyn
11%
521 Johan Heunis
11%
707 Johan Wasserman
11%
239 Lappies Hattingh
11%
693 Louis Koen
11%
498 Louis Moolman
11%
891 Louis Schreuder
11%
224 Lukas Strachan
11%
765 Michael Claassens
11%
225 Nick Bierman
11%
926 Ntuthuko Mchunu
11%
859 Oupa Mohojé
11%
7 Oupa Versfeld
11%
392 Poens Prinsloo
11%
677 Robert Markram
11%
372 Ronnie Hill
11%
278 Ryk van Schoor
11%
662 Thinus Delport
11%
425 Thys Lourens
11%
401 Tiny Neethling
11%
177 Tokkie Scholtz
11%
314 Tom van Vollenhoven
11%
878 Uzair Cassiem
11%
729 Werner Greeff
11%
297 Willem Delport
11%
206 Willie Rousseau
11%
564 Adri Geldenhuys
6%
87 Alec Reid
6%
809 Alistair Hargreaves
6%
414 Andrew Janson
6%
93 Anton Stegmann
6%
376 Attie Baard
6%
811 Bandise Maku
6%
305 Ben Myburgh
6%
107 Bert Reid
6%
796 Brian Mujati
6%
242 Bunny Reid
6%
528 Burger Geldenhuys
6%
267 Cecil Moss
6%
182 Champion Myburgh
6%
383 Chris Bezuidenhout
6%
751 Christo Bezuidenhout
6%
78 Clem Currie
6%
124 Clive van Ryneveld
6%
100 Cocky Brooks
6%
131 Cooper Meintjes
6%
666 Dale Santon
6%
829 Dean Greyling
6%
825 Deon Stegmann
6%
292 Des Sinclair
6%
29 Dykie Lyons
6%
650 Edrich Lubbe
6%
553 Faffa Knoetze
6%
265 Floors Duvenhage
6%
34 Francis Myburg
6%
548 Garth Wright
6%
698 Gavin Passens
6%
395 Gawie Carelse
6%
204 Gerry Brand
6%
366 Giepie Wentzel
6%
178 Hans Aucamp
6%
761 Hanyani Shimange
6%
4 Harry Boyes
6%
756 Henno Mentz
6%
186 Jack Bester
6%
161 Jackie Tindall
6%
263 Jack van der Schyff
6%
547 Jannie Breedt
6%
301 Jan Pickard
6%
132 Jan Stegmann
6%
70 Jimmy Sinclair
6%
148 Joe Francis
6%
641 Joe Gillingham
6%
434 Johan van der Schyff
6%
247 Johnny Bester
6%
680 Johnny Trytsman
6%
866 Julian Redelinghuys
6%
104 Koei Brink
6%
129 Koot Reynecke
6%
615 Krynauw Otto
6%
844 Lionel Mapoe
6%
740 Marco Wentzel
6%
39 Mike Bredenkamp
6%
371 Mof Myburgh
6%
457 Niek Bezuidenhout
6%
355 Peter Allen
6%
582 Phillip Schutte
6%
738 Pierre Uys
6%
179 Pieter Kuyper Albertyn
6%
422 Piet Greyling
6%
370 Piet Uys
6%
697 Ricardo Loubscher
6%
626 Robby Brink
6%
424 Rodney Gould
6%
886 Ruan Dreyer
6%
640 Russell Bennett
6%
860 Stephan Lewies
6%
708 Thando Manana
6%
489 Theuns Stofberg
6%
794 Tiaan Liebenberg
6%
218 Tiny Francis
6%
125 Toby Moll
6%
620 Tommie Laubscher
6%
86 Tommy Hobson
6%
720 Trevor Halstead
6%
545 Wahl Bartmann
6%
655 Warren Brosnihan
6%
689 Wayne Julies
6%
322 Wilf Rosenberg
6%
108 Adam Burdett
0%
645 Adrian Garvey
0%
427 Alan Menter
0%
343 Alan Skene
0%
438 Albie Bates
0%
68 Alex Frew
0%
46 Alf Larard
0%
170 Alf Walker
0%
49 Allan Beswick
0%
485 André Bestbier
0%
581 Andries Truscott
0%
538 Anton Barnard
0%
133 Apie van der Hoff
0%
111 Archie Marsberg
0%
91 Arthur Burmeister
0%
92 Arthur Marsberg
0%
168 Baby Michau
0%
140 Baby Shum
0%
135 Bai Wrentmore
0%
293 Basie Vivier
0%
286 Basil Kenyon
0%
1 Benjamin Duff
0%
181 Bennie Osler
0%
194 Bernie Duffy
0%
65 Bertie van Renen
0%
226 Bert Kipling
0%
190 Bertram Vanderplank
0%
8 Bill Bisset
0%
53 Bill Cotty
0%
69 Bill McEwan
0%
43 Bill Taberer
0%
109 Billy Millar
0%
156 Billy Sendin
0%
153 Bill Zeller
0%
73 Birdie Partridge
0%
85 Bob Loubser
0%
19 Bob Shand
0%
18 Bob Snedden
0%
134 Boetie McHardy
0%
682 Brent Moyle
0%
331 Brian Pfaff
0%
59 Broekie van Broekhuizen
0%
326 Butch Lochner
0%
283 Carrots Geraghty
0%
254 CB Jennings
0%
183 Cecil (Bill) Payn
0%
673 Chad Alcock
0%
28 Charlie Chignell
0%
441 Charlie Cockrell
0%
50 Charlie Devenish
0%
369 Charlie Nimb
0%
26 Charlie van Renen
0%
334 Chris de Nysschen
0%
335 Chris de Wilzem
0%
597 Chris Dirks
0%
461 Chris Pope
0%
491 Christo Wagenaar
0%
3 Chubb Vigne
0%
117 Cliff Riordan
0%
315 Clive Ulyate
0%
318 Colin Kroon
0%
393 Corra Dirksen
0%
290 Cowboy Saunders
0%
189 Dauncey Devine
0%
469 Dave Frederickson
0%
686 Dave von Hoesslin
0%
41 Davey Cope
0%
813 Davon Raubenheimer
0%
245 Dendy Lawton
0%
675 Deon Kayser
0%
588 Deon Lotter
0%
571 Deon Oosthuysen
0%
488 De Wet Ras
0%
360 Dick Lockyear
0%
122 Dick Luyt
0%
386 Dick Putter
0%
397 Don Walton
0%
356 Doug Hopwood
0%
352 Dougie Holton
0%
252 Ebbo Bastard
0%
33 Ernest Olver
0%
300 Ernst Dinkelmann
0%
710 Etienne Fynn
0%
728 Faan Rautenbach
0%
22 Fairy Heatlie
0%
364 Fanie Kuhn
0%
32 Ferdie Aston
0%
249 Flappie Lochner
0%
40 Frank Douglass
0%
5 Frank Guthrie
0%
15 Frank Hamilton
0%
216 Frankie Waring
0%
172 Frank Mellish
0%
299 Franz van der Ryst
0%
13 Fred Alexander
0%
232 Freddy Turner
0%
241 Fred Smollan
0%
81 George Crampton
0%
197 George Daneel
0%
14 George Merry
0%
473 Gerrie Sonnekus
0%
302 Gert Dannhauser
0%
407 Gertjie Brynard
0%
240 Ginger Clark
0%
421 Gys Pitzer
0%
411 Hambly Parker
0%
268 Hannes Brewis
0%
295 Hansie Oelofse
0%
311 Harry Walker
0%
567 Heinrich Füls
0%
525 Henning van Aswegen
0%
37 Henry Gorton
0%
79 Henry Metcalf
0%
115 Henry Walker
0%
598 Hentie Martens
0%
9 H. H. Castens
0%
84 Hugh Ferris
0%
443 Ian McCallum
0%
149 Jack Braine
0%
230 Jack Dold
0%
233 Jack Gage
0%
24 Jack Hartley
0%
154 Jackie Weepner
0%
139 Jack Immelman
0%
201 Jacko Tod
0%
175 Jack Siedle
0%
184 Jack van Druten
0%
288 Jakkals Keevy
0%
336 James Starke
0%
255 Jan Lotz
0%
399 Jannie Barnard
0%
472 Jan Schlebusch
0%
51 Jim Crosby
0%
27 Jim McKendrick
0%
344 Joe Kaminer
0%
238 Joe Nijkamp
0%
566 Johan Styger
0%
594 John Allan
0%
243 John Apsey
0%
202 John Dobie
0%
348 John Gainsford
0%
96 John Hirsch
0%
150 John Luyt
0%
138 John McCulloch
0%
287 Johnny Buchler
0%
209 John Oliver
0%
532 John Villet
0%
359 Keith Oxlee
0%
180 Kenny Starke
0%
622 Kevin Putt
0%
477 Klippies Kritzinger
0%
71 Klondyke Raaff
0%
248 Koffie Hofmeyr
0%
114 Lammetjie Luyt
0%
613 Lance Sherrell
0%
471 Leon Vogel
0%
45 Long George Devenish
0%
246 Louis Babrow
0%
416 Louis Slabber
0%
227 Manie Geere
0%
351 Mannetjies Gericke
0%
162 Mannetjies Michau
0%
627 Marius Hurter
0%
341 Martin Pelser
0%
119 Max Davison
0%
358 Mike Antelme
0%
439 Mike Jennings
0%
396 Mike Lawless
0%
212 Morris Zimerman
0%
2 Mosey van Buuren
0%
145 Ned Delaney
0%
116 Nic Crosby
0%
587 Nico Wegner
0%
118 Noel Howe-Browne
0%
388 Norman Riley
0%
270 Okey Geffin
0%
83 Paddy Carolin
0%
236 Pat Lyster
0%
328 Pat Montini
0%
468 Paul Bayvel
0%
291 Paul Johnstone
0%
36 Paul Scott
0%
330 Peewee Howe
0%
121 Percy Allport
0%
452 Peter Swanson
0%
459 Peter Whipp
0%
54 Pieter Dormehl
0%
497 Piet Veldsman
0%
102 Pinkie Daneel
0%
82 Rajah Martheze
0%
456 Ray Carlson
0%
504 Richard Prentis
0%
442 Robbie Barnard
0%
494 Robbie Blair
0%
674 Robbie Fleck
0%
669 Robbi Kempson
0%
486 Robert Cockrell
0%
349 Robert Twigge
0%
257 Roger Sherriff
0%
321 Roy Dryburgh
0%
462 Roy McCallum
0%
449 Sakkie Sauermann
0%
143 Saturday Knight
0%
146 Sep Ledger
0%
531 Shaun Povey
0%
731 Shaun Sowerby
0%
229 Skaap Forrest
0%
403 Snowy Suter
0%
42 Spanner Forbes
0%
193 Stanley Osler
0%
303 Stephen Fry
0%
576 Steve Atherton
0%
307 Steve Hoffman
0%
76 Syd Ashley
0%
75 Syd de Melker
0%
408 Syd Nomis
0%
163 Taffy Townsend
0%
244 Tallie Broodryk
0%
55 Ted Kelly
0%
44 Theo Samuels
0%
313 Theuns Briers
0%
10 Tiger Devenish
0%
513 Tim Cocks
0%
762 Tim Dlulane
0%
591 Tinus Linee
0%
266 Tjol Lategan
0%
48 Tom Mellett
0%
387 Tommy Bedford
0%
58 Tommy Etlinger
0%
316 Tommy Gentles
0%
57 Tommy Hepburn
0%
67 Uncle Dobbin
0%
157 Wally Clarkson
0%
123 Wally Mills
0%
381 Wang Wyness
0%
638 Wayne Fyvie
0%
20 Wilfred Trenery
0%
285 Willem Barnard
0%
482 Willem Stapelberg
0%
101 William Neill
0%
575 Willie Hills
0%
509 Willie Kahts
0%
398 Wynand Mans
0%
No matching quizzes found
Score Distribution
Percent of People with Each Score
Percentile by Number Answered
Your Score History
You have not taken this quiz